000 00571pam a2200205 a 4500
001 3398610
005 20180126084359.0
008 890926s1990 caua 000 0 eng
010 _a 89018106
020 _a0805303928
040 _aDLC
_cDLC
_dDLC
041 _aeng
080 _a372.72 DOL
082 0 0 _a372.72 DOL
_220
100 1 _a47
101 _aEDU
245 1 0 _aMathematics activities for elementary school teachers :
_cDan Dolan, Jim Williamson.
906 _a7
_bcbc
_corignew
_d1
_eocip
_f19
_gy-gencatlg
942 _2ddc
_cBK
999 _c41025
_d41025